[Event "74th Ukranian Chess Championship "]
[Site "Rivne"]
[Date "2005.08.24"]
[Round "1.1"]
[White "Fedorchuk, Sergey A."]
[Black "Peskov, Alexsey"]
[Result "1-0"]
[WhiteElo "2571"]
[BlackElo "2378"]
[PlyCount "123"]
[EventDate "2005.08.24"]

1. e4 c6 2. d4 d5 3. Nd2 dxe4 4. Nxe4 Nd7 5. Ng5 Ngf6 6. Bd3 e6 7. N1f3 Bd6 8.
Qe2 h6 9. Ne4 Nxe4 10. Qxe4 Qc7 11. O-O c5 12. c3 Nf6 13. Qh4 b6 14. Bg5 Nd5
15. Rfe1 c4 16. Bc2 O-O 17. Bd2 Bb7 18. Ne5 f5 19. Re2 Rf6 20. Rae1 Ne7 21. Qh5
Bd5 22. Re3 Nc6 23. g4 Raf8 24. f4 fxg4 25. Rg3 Bxe5 26. fxe5 Qf7 27. Qxf7+
R6xf7 28. Be3 Bf3 29. Bg6 Rc7 30. Bh5 Ne7 31. Bxg4 Bxg4 32. Rxg4 Kh7 33. Rf1
Rxf1+ 34. Kxf1 Nd5 35. Ke2 b5 36. Rg1 Rf7 37. Ra1 a5 38. a4 b4 39. cxb4 axb4
40. a5 Ra7 41. Bd2 g5 42. Ra4 c3 43. bxc3 bxc3 44. Be1 Kg6 45. Kd3 Kf5 46. Bxc3
Kg4 47. Be1 Kh3 48. Ra2 h5 49. Kc4 Ra6 50. Kb5 Nc7+ 51. Kc5 Nd5 52. Rc2 g4 53.
Kb5 Ra8 54. Ra2 Rb8+ 55. Kc6 Rb1 56. Bd2 Kxh2 57. a6 Kg3 58. a7 Nb6 59. d5 h4
60. dxe6 h3 61. e7 h2 62. Bf4+ 1-0

[Event "74th Ukranian Chess Championship "]
[Site "Rivne"]
[Date "2005.08.24"]
[Round "1.1"]
[White "Pavlov, Sergey"]
[Black "Kruppa, Yuriy"]
[Result "1/2-1/2"]
[WhiteElo "2459"]
[BlackElo "2525"]
[PlyCount "35"]
[EventDate "2005.08.24"]

1. e4 e6 2. d4 d5 3. Nd2 c5 4. exd5 Qxd5 5. Ngf3 cxd4 6. Bc4 Qd6 7. O-O Nf6 8.
Nb3 Nc6 9. Nbxd4 Nxd4 10. Nxd4 Bd7 11. b3 Rd8 12. Nb5 Qb8 13. Be3 a6 14. Ba7
Qc8 15. Nd6+ Bxd6 16. Qxd6 Bc6 17. Qf4 b5 18. Bd3 1/2-1/2

[Event "74th Ukranian Chess Championship "]
[Site "Rivne"]
[Date "2005.08.25"]
[Round "1.2"]
[White "Nesteretz, Anatoliy"]
[Black "Areshchenko, Alexander"]
[Result "1-0"]
[WhiteElo "2337"]
[BlackElo "2625"]
[PlyCount "165"]
[EventDate "2005.08.24"]

1. Nf3 Nf6 2. c4 g6 3. Nc3 Bg7 4. d4 O-O 5. Bg5 h6 6. Bh4 d6 7. e3 b6 8. Qc2 c5
9. d5 Nbd7 10. h3 a6 11. a4 Bb7 12. Bd3 Qe8 13. O-O e6 14. dxe6 Qxe6 15. e4 g5
16. Bg3 Nh5 17. Bh2 Ne5 18. Nxe5 Bxe5 19. Nd5 Bxh2+ 20. Kxh2 Qe5+ 21. g3 Bxd5
22. cxd5 b5 23. b3 Rab8 24. axb5 axb5 25. Qe2 c4 26. Qxh5 cxd3 27. Qxh6 Rfc8
28. Rad1 Rc3 29. Rd2 Ra8 30. f4 Qxe4 31. Qxg5+ Qg6 32. Rf3 Qxg5 33. fxg5 Rxb3
34. Rfxd3 Rxd3 35. Rxd3 Ra2+ 36. Kg1 b4 37. Kf1 Kg7 38. h4 Kg6 39. Rb3 Ra5 40.
Rxb4 Rxd5 41. Kf2 Rd3 42. Rf4 Kg7 43. Rf3 Rd4 44. Ke3 Ra4 45. Rf6 Ra3+ 46. Kf4
Ra4+ 47. Kf5 Ra3 48. Kg4 Ra4+ 49. Rf4 Ra6 50. Rd4 Rb6 51. h5 Ra6 52. Kf5 Ra5+
53. Kf4 Ra6 54. Rd5 Kf8 55. Kf5 Ke7 56. Rb5 Ra3 57. Rb7+ Kf8 58. g4 Rf3+ 59.
Ke4 Rf1 60. Ra7 Rd1 61. h6 Kg8 62. g6 fxg6 63. Kf4 Rd5 64. Rg7+ Kh8 65. Rxg6
Kh7 66. Re6 Rd4+ 67. Kg5 Rd5+ 68. Kh4 Rd1 69. g5 Rh1+ 70. Kg4 Rg1+ 71. Kf5 Rf1+
72. Ke4 Re1+ 73. Kd5 Rg1 74. Re7+ Kh8 75. Rg7 Re1 76. Rg6 Kh7 77. Rg7+ Kh8 78.
g6 Rh1 79. Rh7+ Kg8 80. Ke6 Re1+ 81. Kd7 Rg1 82. Rg7+ Kh8 83. Ke8 1-0

[Event "74th Ukranian Chess Championship "]
[Site "Rivne"]
[Date "2005.08.25"]
[Round "1.2"]
[White "Peskov, Alexsey"]
[Black "Fedorchuk, Sergey A."]
[Result "1/2-1/2"]
[WhiteElo "2378"]
[BlackElo "2571"]
[PlyCount "108"]
[EventDate "2005.08.24"]

1. d4 Nf6 2. c4 e6 3. Nc3 Bb4 4. Qc2 O-O 5. a3 Bxc3+ 6. Qxc3 b6 7. Bg5 Bb7 8.
f3 d6 9. e3 Nbd7 10. Nh3 Rc8 11. Be2 h6 12. Bf4 Qe7 13. O-O d5 14. Bg3 c5 15.
cxd5 Nxd5 16. Qd2 cxd4 17. exd4 N7f6 18. Bd3 Rfd8 19. Rad1 Nh5 20. Bf2 Qf6 21.
Rfe1 Nhf4 22. Nxf4 Nxf4 23. Be4 Bd5 24. Be3 Ng6 25. Rc1 Nh4 26. Qf2 Nf5 27.
Bxf5 Qxf5 28. Qg3 Qg6 29. Qxg6 fxg6 30. h4 Bb7 31. Kf2 Rxc1 32. Rxc1 Rc8 33.
Rxc8+ Bxc8 34. Bf4 Bb7 35. Bb8 a6 36. Bc7 b5 37. Ke3 g5 38. hxg5 hxg5 39. Kd3
Kf7 40. Kc3 Ke7 41. Kb4 Kd7 42. Be5 g6 43. Kc5 g4 44. fxg4 Bxg2 45. Kb6 Bf3 46.
g5 Be2 47. Kxa6 Kc6 48. Ka5 Bd1 49. Bf6 Bc2 50. Be7 Bd1 51. Bc5 e5 52. Kb4 exd4
53. Bxd4 Be2 54. Ka5 Kb7 1/2-1/2

[Event "74th Ukranian Chess Championship "]
[Site "Rivne"]
[Date "2005.08.25"]
[Round "1.2"]
[White "Kruppa, Yuriy"]
[Black "Pavlov, Sergey"]
[Result "1-0"]
[WhiteElo "2525"]
[BlackElo "2459"]
[PlyCount "69"]
[EventDate "2005.08.24"]

1. d4 Nf6 2. c4 e6 3. Nc3 Bb4 4. Qc2 O-O 5. a3 Bxc3+ 6. Qxc3 b6 7. Nf3 Bb7 8.
e3 a5 9. b3 Ne4 10. Qc2 f5 11. Bb2 d6 12. Be2 Nd7 13. O-O Ng5 14. Ne1 Nh3+ 15.
Kh1 Qh4 16. f3 Ng5 17. Bd1 Rf6 18. Qf2 Qxf2 19. Rxf2 Rff8 20. Nd3 Rfe8 21. Rd2
Nf7 22. Rc1 Ba6 23. Kg1 Rac8 24. Kf2 e5 25. b4 axb4 26. axb4 exd4 27. exd4 b5
28. c5 Nf6 29. Bb3 Kh8 30. Nf4 Nd8 31. d5 Nd7 32. Ra1 Ra8 33. Bd4 dxc5 34. bxc5
Bb7 35. c6 1-0

[Event "74th Ukranian Chess Championship "]
[Site "Rivne"]
[Date "2005.08.26"]
[Round "2.1"]
[White "Kononenko, Dmitry"]
[Black "Fedorchuk, Sergey A."]
[Result "1/2-1/2"]
[WhiteElo "2430"]
[BlackElo "2571"]
[PlyCount "66"]
[EventDate "2005.08.24"]

1. e4 c5 2. Nf3 d6 3. d4 cxd4 4. Nxd4 Nf6 5. Nc3 a6 6. Be2 e6 7. O-O Nbd7 8. f4
b5 9. Bf3 Bb7 10. e5 Bxf3 11. Nxf3 Ng4 12. exd6 Qb6+ 13. Kh1 Bxd6 14. Ne4 Be7
15. f5 O-O-O 16. fxe6 Nc5 17. Qe1 Qxe6 18. Nfg5 Bxg5 19. Nxg5 Qxe1 20. Rxe1
Rhe8 21. Bf4 f6 22. Nf3 Na4 23. h3 Nf2+ 24. Kg1 Ne4 25. Rab1 Kb7 26. Rbd1 Rxd1
27. Rxd1 Nec5 28. Bc1 Re7 29. Kh2 Nb6 30. Nd4 Rd7 31. Kg1 Rc7 32. Kf1 Rd7 33.
Ke2 Re7+ 1/2-1/2

[Event "74th Ukranian Chess Championship "]
[Site "Rivne"]
[Date "2005.08.27"]
[Round "2.2"]
[White "Fedorchuk, Sergey A."]
[Black "Kononenko, Dmitry"]
[Result "0-1"]
[WhiteElo "2571"]
[BlackElo "2430"]
[PlyCount "110"]
[EventDate "2005.08.24"]

1. e4 c5 2. Nf3 Nc6 3. Bb5 d6 4. O-O Bd7 5. Re1 Nf6 6. c3 a6 7. Bf1 Bg4 8. d3
e6 9. h3 Bh5 10. g4 Bg6 11. Nh4 Nd7 12. Ng2 e5 13. f4 exf4 14. Nxf4 Qh4 15. Ng2
Qd8 16. Na3 h5 17. g5 h4 18. Nc4 Be7 19. a4 Nde5 20. Nxe5 Nxe5 21. d4 cxd4 22.
cxd4 Nc6 23. Nf4 Bh7 24. Bc4 Bxg5 25. Qh5 O-O 26. Ne6 fxe6 27. Bxg5 Qe8 28.
Qxe8 Raxe8 29. Rad1 Rf3 30. Bxh4 Rxh3 31. Bf2 Rh5 32. Bb3 Rg5+ 33. Kf1 Nb4 34.
Re3 d5 35. exd5 Nxd5 36. Re5 Rxe5 37. dxe5 Rd8 38. Bc5 Bf5 39. Kf2 Kf7 40. Bd6
Ne7 41. Rc1 Rc8 42. Rg1 Bc2 43. Ba2 Nf5 44. Rg4 Bd3 45. Bb3 Rc1 46. Rb4 b5 47.
axb5 axb5 48. Bb8 g5 49. Kf3 Rf1+ 50. Kg2 g4 51. Ba7 Rb1 52. Bf2 Bf1+ 53. Kh2
g3+ 54. Bxg3 Rxb2+ 55. Kg1 Bc4 0-1

[Event "74th Ukranian Chess Championship "]
[Site "Rivne"]
[Date "2005.08.28"]
[Round "3.1"]
[White "Areshchenko, Alexander"]
[Black "Ushenina, Anna"]
[Result "1-0"]
[WhiteElo "2643"]
[BlackElo "2389"]
[PlyCount "55"]
[EventDate "2005.08.24"]

1. e4 c5 2. Nf3 e6 3. d4 cxd4 4. Nxd4 a6 5. Nc3 b5 6. Bd3 Qb6 7. Nf3 Qc7 8. O-O
Bb7 9. Re1 d6 10. a4 b4 11. Na2 Nf6 12. Bd2 d5 13. exd5 Nxd5 14. c4 bxc3 15.
Nxc3 Nd7 16. Rc1 Qb6 17. a5 Qa7 18. Ne4 Be7 19. Qa4 Qb8 20. Neg5 Qd6 21. Ne5
Bxg5 22. Bxg5 Rc8 23. Rxc8+ Bxc8 24. Rc1 Qb8 25. Nc4 Qc7 26. Qa3 Nc5 27. Nd2
Qe5 28. Nf3 1-0

[Event "74th Ukranian Chess Championship "]
[Site "Rivne"]
[Date "2005.08.28"]
[Round "3.1"]
[White "Kruppa, Yuriy"]
[Black "Neverov, Valeriy"]
[Result "1/2-1/2"]
[WhiteElo "2525"]
[BlackElo "2572"]
[PlyCount "49"]
[EventDate "2005.08.24"]

1. d4 d5 2. c4 e6 3. Nc3 Be7 4. cxd5 exd5 5. Bf4 Nf6 6. e3 Bf5 7. Qb3 Nc6 8. a3
Na5 9. Qa2 O-O 10. Nf3 a6 11. b4 Nc6 12. Rc1 Na7 13. Na4 c6 14. Nc5 Qb6 15. Be2
a5 16. Qb2 axb4 17. axb4 Nb5 18. Ne5 Rfe8 19. O-O Nd6 20. g4 Bc8 21. f3 Qd8 22.
Ra1 Rxa1 23. Rxa1 Nd7 24. Qb3 Nf6 25. b5 1/2-1/2